000 01482nam a2200301 4500
003 EC-UNACH
005 20251028172652.0
006 s||||gr|||| 00| 00
008 150116t9999 mx r gr 000 0 spa d
020 _a9978-41-173-9
040 _aEC-UNACH
_cEC-UNACH
041 _aspa
082 0 4 _223
_a342
_bL017910
110 _aAplicaciones Graficas
245 _aÚltimos Modelos de demandas
250 _aCuarta edición
264 _aEcuador
_bAplicaciones Graficas
_c2009
300 _a691
505 _aSección Teórica - El proceso - El juicio verbal sumario - Sección Practica - Modelos de demandas, contestación a las demandas y jurisprudencia - - Tomo 2- Sección Teórica - El juicio ejecutivo - Sección practica - - Tomo 3 - Sección teórica - El juicio Ordinario - Sección Practica - Recientes modelos de demandas en los juicios verbal sumario y ordinario - Modelos de demandas área de inquilinato - Modelos de demandas área laboral - modelo de demandas que tienen el trámite ordinario - Modelo de demandas que se ventilan en juicio verbal sumario - Modelos de demandas de alimentos que por ley se deben a ciertas personas.
650 _aJuicios Verbal sumario ejecutivo y ordinario
650 _aEl proceso
650 _aModelo de demanda de tramite ordinario.
700 _aDr Ramiro López Garcés Msc
942 _2ddc
_c1
999 _c14110